00320nam a2200133Ia 4500008004100000020001500041041001200056082001600068100001400084245003100098260003300129300000800162650001600170221030s9999 xx 000 0 und d a818752281X aEnglish a105.23bBan aR. Bangia 0aLearning C++cby R. Bangia bKhanna Pub.aNew Delhic2000 a184 aBE Computer